01214nam a22002897a 450000500170000000800410001704000250005804100080008304400070009108200190009811000580011724500350017526000690021030000330027949000330031250400470034550501330039265000410052565000200056665000310058665000240061765000430064170000350068494200150071999900150073495201750074920191224042000.0150305b2006 ec |||||r|||| 00| 0 spa d aCo-BoIAVHcCo-BoIAVH aspa aec03a333.9115bG21a2 aConsorcio Camaren.b Foro de los Recursos Hídricos.13aEl agua:bpatrimonio y derecho aQuito:bForo de los Recurso Hídricos,bUnión Europea,c2006. a75 p.bilustracionesc21 cm. aCuadernos populares del agua aIncluye fuentes consultadas (pág. 74-75) aEl agua y sus recursos naturales. El agua en el mundo. El negocio del agua. El valor del agua. El agua y sus usos en el Ecuador. 4aAguaxrecursos económicoszEcuador 4aDerecho al agua 4aRecursos hidrobiológicos 4aRecursos hídricos 4aRecursos naturales no renovablesxagua1 aGarcía, Dennisefotografía 2ddccLIBRO c9083d9083 00102ddc40708GENERALIINV2017aBogotabBogotad2015-03-05eInstitutog15000.00l0oLB-333.9115 G21ap038843r2015-03-05 00:00:00tEj. 1w2015-03-05xDonaciónyLIBRO